000 00678nam a2200217 a 4500
001 092624
003 BD-ChCU
008 Ben
020 _a
040 _aDLC
_cDLC
_dBD-ChCU
082 0 0 _a১৮৩.২/প্লে টো সো
100 1 _aপ্লেটো
_b-
245 1 0 _aসোক্রাতিসের বিচার ও মৃতু্য
_b-
250 _a***
260 _aনয়াদিল্লী
_bন্যাশনাল বুক ট্রাস্ট
_c১৯৯১
300 _a**
504 _a- Biblio-
650 0 _aদর্শন, প্রাচীন
_bদর্শন, গ্রীক
700 1 _a-
942 _2ddc
_cBK
999 _c92624
_d92624